000 00808cab a2200253 4500
001 ABS55343
008 090401t1996 xxu||||| |||| 00| 0 eng d
035 _a(Sirsi) u15871
041 _aeng
100 _aHillier, M.
245 2 _aA matter of cash
260 _c1996
350 _a0
490 _aHA Weekly
_v7 June 1996, 13-15(3)
520 _aHousing associations feel increasingly threatened by the prospect of local housing companies running the social housing sector. This article assesses their concerns and looks at existing local housing companies.
650 _aHOUSING ASSOCIATIONS
650 _aHOUSING FINANCE
650 _aLOCAL AUTHORITIES
650 _aLOCAL HOUSING COMPANIES
650 _aSOCIAL HOUSING
690 _aHOUSING-FINANCE
942 _n0
948 _c04/03/1997
999 _c10448
_d10448